First Letters of German Cities Quiz Stats

 Plays Quiz Updated Mar 8, 2020

Support Sporcle.
Go Orange.
Score 0/25 Timer 03:00
3 Plays Today
% Correct
B
97.1%
F
96.9%
H
96.7%
M
96.4%
S
95.8%
C
95.2%
D
95.1%
L
93.6%
N
92.7%
E
91.9%
P
85.6%
K
79.8%
I
77.5%
% Correct
A
67.9%
U
67.9%
R
66.2%
Z
65.6%
G
64.4%
O
64%
T
62.5%
W
54.9%
Q
51.9%
J
48.6%
V
41.2%
X
37.1%

From the Vault

Cartoons Typing Challenge

by markassonne

You'd be surprised how well some of these cartoons can type. You try typing with only a paw!
Remove Ads.
Support Sporcle.
Get the best of Sporcle when you Go Orange. This ad-free experience offers more features, more stats, and more fun while also helping to support Sporcle. Thank you for becoming a member.

Show Comments

Extras

Top Quizzes Today


Score Distribution

Your Account Isn't Verified!

In order to create a playlist on Sporcle, you need to verify the email address you used during registration. Go to your Sporcle Settings to finish the process.

Report this User

Report this user for behavior that violates our Community Guidelines.

Details: